000 00850cam a22002532 4500
001 0000002183
005 20151021151056.0
008 070404s xx 000 0 eng d
020 _a8178089440 :
_cKES 835
040 _aKABU
_cKABU
050 0 _aHF5415.1265
_b.S77 2003
100 1 _aStrauss, Judy.
_@0000151450
245 1 0 _aE-marketing /
_cJudy Strauss, Adel El-Ansary, Raymond Frost.
250 _a3rd ed.
260 _aPatparganj, Delhi :
_bPearson Education (Singapore),
_cc2003.
300 _axxi, 578 p. ;
_c25 cm.
504 _aIncludes bibliographical references (p.[548]-564) and index.
650 0 _aInternet marketing.
_@0000151441
700 1 _aAnsary, Adel.
_@0000151451
700 1 _aFrost, Raymond.
_@0000151452
908 _a070404
950 _@1
999 _c396
_d396